000 00900nam a2200289 4500
003 EG-GICUC
005 20260121101349.0
008 251126s1954 us ||||fr|||| 001 0 eng d
040 _aEG-GiCUC
_beng
_cEG-GiCUC
_dEG-GiCUC
_erda
041 _aeng
082 0 4 _221
_a341.22
_b341.22
092 0 4 _221
099 _aLaw1 11 341.22 S C . L 1954
100 1 _aSchiffer, Walter
_eAuthor.
245 1 4 _athe Legal community of Mankind /
_cWalter Schiffer.
264 1 _aNew York :
_bcolumbia University Press,
_c1954.
300 _a367 pages ;
_c24 cm
336 _2rda content
_atext
337 _2rda media
_aComputer
338 _2rda carrier
_aOnline Resource
546 _aText in English
650 1 _aLeague of Nations.
_xPublic international law
_2qrmak
651 1 _2qrmak
856 4 0 _uhttps://fll.law.cu.edu.eg/fulltext/bks/B11-06166.pdf
905 _a75
_eYara
942 _2ddc
_n0
_cBK
_e21
999 _c46304
_d46304